000 00334nmm a2200145 a 4500
003 AR-BaBNM
005 20251128203117.0
008 013119s1826 ||||||||||||||000 | spa||
040 _cAR-BaBNM
100 1 _aFontaine, Jean de la
245 1 0 _aOeuvres complétes
_n1
260 _a[S.l.]
_bDupont
_c1826
942 _cBK
998 _cRhizi
999 _c1944
_d1944